[Event "Hastings Challengers 1995/96"]
[Site "Hastings"]
[Date "1996.01.03"]
[Round "7"]
[White "Malaniuk, Vladimir P"]
[Black "Emms, John M"]
[Result "1/2-1/2"]
[WhiteElo "2580"]
[BlackElo "2485"]
[PlyCount "63"]
[EventDate "1995.12.28"]
[EventType "swiss"]
[EventRounds "11"]
[EventCountry "ENG"]
[SourceTitle "BritBase"]
[Source "John Saunders"]
[SourceDate "2025.01.31"]
[SourceVersion "1"]
[SourceVersionDate "2025.01.31"]
[SourceQuality "1"]

1. d4 Nf6 2. c4 e6 3. Nf3 c5 4. d5 d6 5. Nc3 exd5 6. cxd5 g6 7. e4 a6 8. h3 b5 9. Bd3 Bg7 10. O-O c4 11. Bc2 O-O 12. Bf4 Re8 13. Re1 Bb7 14. a3 Qb6 15. Be3 Qc7 16. Nd4 Nbd7 17. Qd2 Nc5 18. f3 Re7 19. Re2 Nfd7 20. Nd1 Nb6 21. Nc3 Nbd7 22. Nd1 Nb6 23. Bf2 Nbd7 24. f4 Nd3 25. Bxd3 cxd3 26. Qxd3 Nc5 27. Qf3 Bxd5 28. exd5 Bxd4 29. Rxe7 Bxf2+ 30. Nxf2 Qxe7 31. b4 Nd7 32. Qe4 1/2-1/2

[Event "Hastings Challengers 1995/96"]
[Site "Hastings"]
[Date "1996.01.03"]
[Round "7"]
[White "Moss, Robin BW"]
[Black "Dodgson, John A"]
[Result "1-0"]
[WhiteElo "2265"]
[BlackElo "2130"]
[PlyCount "67"]
[EventDate "1995.12.28"]
[EventType "swiss"]
[EventRounds "11"]
[EventCountry "ENG"]
[SourceTitle "BritBase"]
[Source "John Saunders"]
[SourceDate "2025.01.31"]
[SourceVersion "1"]
[SourceVersionDate "2025.01.31"]
[SourceQuality "1"]

1. e4 c5 2. Nf3 e6 3. Nc3 a6 4. d4 cxd4 5. Nxd4 Qc7 6. Bd3 Nf6 7. O-O Be7 8. Kh1 Nc6 9. Nxc6 bxc6 10. f4 d6 11. Qe2 O-O 12. e5 Nd7 13. exd6 Bxd6 14. Ne4 Be7 15. Bd2 Nf6 16. Bc3 Nxe4 17. Qxe4 f5 18. Qf3 Bf6 19. Bc4 Rb8 20. Rae1 Bxc3 21. Qxc3 Rf6 22. Re5 Qb6 23. Bb3 Bd7 24. Rd1 Rb7 25. Qa5 Qf2 26. Qd8+ Rf8 27. Rxe6 Rxb3 28. Qxd7 Rf3 29. gxf3 Qxf3+ 30. Kg1 Qg4+ 31. Kf2 Qxf4+ 32. Ke2 Qxh2+ 33. Kd3 f4 34. Re8 1-0

[Event "Hastings Challengers 1995/96"]
[Site "Hastings"]
[Date "1996.01.03"]
[Round "7"]
[White "Muir, Andrew Joseph"]
[Black "Parr, Frank"]
[Result "1-0"]
[WhiteElo "2315"]
[BlackElo "2165"]
[PlyCount "75"]
[EventDate "1995.12.28"]
[EventType "swiss"]
[EventRounds "11"]
[EventCountry "ENG"]
[SourceTitle "BritBase"]
[Source "John Saunders"]
[SourceDate "2025.01.31"]
[SourceVersion "1"]
[SourceVersionDate "2025.01.31"]
[SourceQuality "1"]

1. d4 f5 2. g3 Nf6 3. Bg2 e6 4. c4 d5 5. Qc2 c6 6. b3 Bd6 7. Nh3 O-O 8. Bf4 Be7 9. O-O Ne4 10. f3 Ng5 11. Nd2 Nxh3+ 12. Bxh3 Bf6 13. Be5 Bxe5 14. dxe5 Qg5 15. e4 f4 16. exd5 Qxe5 17. dxe6 Bxe6 18. Bxe6+ Qxe6 19. Rae1 Qf7 20. Ne4 Qg6 21. Rd1 Na6 22. Rd6 Qf5 23. g4 Qe5 24. Qf2 Nc7 25. Rfd1 Ne6 26. Rd7 c5 27. R7d5 Qc7 28. Nxc5 Nxc5 29. Qxc5 Qxc5+ 30. Rxc5 Rf7 31. Re5 g6 32. h4 a5 33. a4 Kg7 34. Kf2 h6 35. Rdd5 b6 36. Re6 Rf6 37. Rd7+ Rf7 38. Rdd6 1-0

[Event "Hastings Challengers 1995/96"]
[Site "Hastings"]
[Date "1996.01.03"]
[Round "7"]
[White "Parker, Jonathan F"]
[Black "Radovanovic, Jovica"]
[Result "1-0"]
[WhiteElo "2415"]
[BlackElo "2280"]
[PlyCount "87"]
[EventDate "1995.12.28"]
[EventType "swiss"]
[EventRounds "11"]
[EventCountry "ENG"]
[SourceTitle "BritBase"]
[Source "John Saunders"]
[SourceDate "2025.01.31"]
[SourceVersion "1"]
[SourceVersionDate "2025.01.31"]
[SourceQuality "1"]

1. d4 Nf6 2. c4 g6 3. Nc3 Bg7 4. e4 O-O 5. f4 d6 6. Nf3 c5 7. d5 b5 8. cxb5 a6 9. Qb3 Qb6 10. a4 axb5 11. Bxb5 Ba6 12. Nd2 Nfd7 13. Nc4 Qc7 14. O-O Bxb5 15. Nxb5 Qb7 16. Bd2 f5 17. e5 dxe5 18. d6 e6 19. Nxe5 Qd5 20. Qxd5 exd5 21. Rfe1 Nf6 22. Nc7 Ra7 23. Ne6 Rc8 24. Rec1 Ne4 25. Be3 Nd7 26. Nxg7 Nxe5 27. fxe5 Rxg7 28. b4 c4 29. Bd4 Rb7 30. b5 Kf7 31. b6 Ra8 32. a5 Ra6 33. Rcb1 Ke6 34. Rb5 h5 35. Rd1 Kd7 36. Rxd5 Kc6 37. Ba1 c3 38. d7 Rxd7 39. Rxd7 Rxa5 40. Bxc3 Nxc3 41. Rc7+ Kxb6 42. Rxc3 Rxe5 43. Rd6+ Kb7 44. Rxg6 1-0

[Event "Hastings Challengers 1995/96"]
[Site "Hastings"]
[Date "1996.01.03"]
[Round "7"]
[White "Pilgaard, Kim"]
[Black "Ryan, Joseph"]
[Result "1-0"]
[WhiteElo "2315"]
[BlackElo "2210"]
[PlyCount "43"]
[EventDate "1995.12.28"]
[EventType "swiss"]
[EventRounds "11"]
[EventCountry "ENG"]
[SourceTitle "BritBase"]
[Source "John Saunders"]
[SourceDate "2025.01.31"]
[SourceVersion "1"]
[SourceVersionDate "2025.01.31"]
[SourceQuality "1"]

1. e4 d5 2. exd5 Qxd5 3. Nc3 Qa5 4. Nf3 c6 5. Bc4 Bf5 6. Qe2 e6 7. d3 Bd6 8. Nd4 Ne7 9. Bd2 Qe5 10. Be3 Bg6 11. O-O-O Nd7 12. f4 Qf6 13. Rhf1 Bc5 14. Ne4 Bxe4 15. dxe4 O-O-O 16. Kb1 Qg6 17. f5 exf5 18. exf5 Qf6 19. Ne6 Bxe3 20. Nxd8 Bd4 21. Nxf7 Bxb2 22. Qe6 1-0

[Event "Hastings Challengers 1995/96"]
[Site "Hastings"]
[Date "1996.01.03"]
[Round "7"]
[White "Schroeder, Wilfried"]
[Black "Larsen, Steen Skovlund"]
[Result "1/2-1/2"]
[WhiteElo "2245"]
[BlackElo "2340"]
[PlyCount "42"]
[EventDate "1995.12.28"]
[EventType "swiss"]
[EventRounds "11"]
[EventCountry "ENG"]
[SourceTitle "BritBase"]
[Source "John Saunders"]
[SourceDate "2025.01.31"]
[SourceVersion "1"]
[SourceVersionDate "2025.01.31"]
[SourceQuality "1"]

1. d4 Nf6 2. Nf3 g6 3. g3 Bg7 4. Bg2 O-O 5. O-O d6 6. c4 Nbd7 7. Qc2 e5 8. Rd1 Re8 9. dxe5 dxe5 10. e4 c6 11. h3 Qe7 12. b3 Nc5 13. Nc3 Nfd7 14. Ba3 Nf8 15. Na4 b6 16. Nxc5 bxc5 17. Qd2 Ne6 18. Qa5 f5 19. Ne1 f4 20. Nd3 fxg3 21. fxg3 Qg5 1/2-1/2

[Event "Hastings Challengers 1995/96"]
[Site "Hastings"]
[Date "1996.01.03"]
[Round "7"]
[White "Sher, Miron Naumovich"]
[Black "Hebden, Mark L"]
[Result "0-1"]
[WhiteElo "2510"]
[BlackElo "2570"]
[PlyCount "94"]
[EventDate "1995.12.28"]
[EventType "swiss"]
[EventRounds "11"]
[EventCountry "ENG"]
[SourceTitle "BritBase"]
[Source "John Saunders"]
[SourceDate "2025.01.31"]
[SourceVersion "1"]
[SourceVersionDate "2025.01.31"]
[SourceQuality "1"]

1. c4 g6 2. d4 Nf6 3. Nc3 Bg7 4. e4 d6 5. Nf3 O-O 6. Be2 e5 7. O-O Nc6 8. d5 Ne7 9. Ne1 Nd7 10. Be3 f5 11. f3 f4 12. Bf2 g5 13. Nd3 Nf6 14. c5 Ng6 15. Rc1 Rf7 16. a4 Bf8 17. g4 h5 18. h3 Rh7 19. a5 hxg4 20. hxg4 a6 21. b4 Be7 22. Kg2 Nh4+ 23. Bxh4 gxh4 24. cxd6 h3+ 25. Kh2 cxd6 26. Nb2 Qf8 27. Nc4 Bd8 28. Na4 Bd7 29. Nab6 Rb8 30. Nxd7 Nxd7 31. Bd3 Bh4 32. Qe2 Qh6 33. Rc2 Kh8 34. Rfc1 Rg8 35. Nd2 Nf6 36. Rc8 Rhg7 37. Nf1 Bg3+ 38. Kh1 Qh4 39. Rxg8+ Rxg8 40. Rc7 Bf2 41. Qc2 Be1 42. Qe2 Nh5 43. Kh2 Bxb4 44. Rxb7 Ng3 45. Qf2 Nxf1+ 46. Qxf1 Qg3+ 47. Kh1 Rc8 0-1

[Event "Hastings Challengers 1995/96"]
[Site "Hastings"]
[Date "1996.01.03"]
[Round "7"]
[White "Smith, Alan A"]
[Black "Spanton, Timothy R"]
[Result "1/2-1/2"]
[WhiteElo "2255"]
[BlackElo "2060"]
[PlyCount "25"]
[EventDate "1995.12.28"]
[EventType "swiss"]
[EventRounds "11"]
[EventCountry "ENG"]
[SourceTitle "BritBase"]
[Source "John Saunders"]
[SourceDate "2025.01.31"]
[SourceVersion "1"]
[SourceVersionDate "2025.01.31"]
[SourceQuality "1"]

1. e4 e5 2. Nf3 Nc6 3. Bb5 Nge7 4. d4 exd4 5. Nxd4 g6 6. Nc3 Bg7 7. Be3 O-O 8. O-O d5 9. exd5 Nxd5 10. Nxd5 Nxd4 11. Bxd4 Qxd5 12. Bxg7 Qxd1 13. Raxd1 1/2-1/2

[Event "Hastings Challengers 1995/96"]
[Site "Hastings"]
[Date "1996.01.03"]
[Round "7"]
[White "Straeter, Timo"]
[Black "Bisby, Daniel L"]
[Result "1-0"]
[WhiteElo "2310"]
[BlackElo "2120"]
[PlyCount "83"]
[EventDate "1995.12.28"]
[EventType "swiss"]
[EventRounds "11"]
[EventCountry "ENG"]
[SourceTitle "BritBase"]
[Source "John Saunders"]
[SourceDate "2025.01.31"]
[SourceVersion "1"]
[SourceVersionDate "2025.01.31"]
[SourceQuality "1"]

1. d4 d5 2. Nf3 c6 3. c4 e6 4. Qc2 Nf6 5. g3 Be7 6. Nbd2 O-O 7. Bg2 b6 8. O-O Bb7 9. b3 Nbd7 10. Bb2 Re8 11. Rad1 Bd6 12. e4 dxe4 13. Nxe4 Nxe4 14. Qxe4 Nf6 15. Qc2 Qc7 16. c5 Be7 17. Rfe1 Nd7 18. Re4 Bf6 19. Bc1 bxc5 20. dxc5 e5 21. Rg4 Nf8 22. Ng5 Bc8 23. Ra4 Bxg5 24. Bxg5 Be6 25. Rd6 Bd7 26. Ra6 Re6 27. Bxc6 Rxd6 28. cxd6 Qxd6 29. Bb7 Qb4 30. Qe4 Qb5 31. a4 Qxb3 32. Bxa8 Qd1+ 33. Kg2 Bh3+ 34. Kxh3 Qf1+ 35. Kg4 Qxa6 36. Bd5 Qd6 37. Kf3 h6 38. Be3 Nd7 39. Qc4 Kf8 40. Bxa7 f5 41. Bg8 Ke7 42. Kg2 1-0

[Event "Hastings Challengers 1995/96"]
[Site "Hastings"]
[Date "1996.01.03"]
[Round "7"]
[White "Tseitlin, Mikhail S"]
[Black "Wood, David A"]
[Result "1-0"]
[WhiteElo "2435"]
[BlackElo "2285"]
[PlyCount "121"]
[EventDate "1995.12.28"]
[EventType "swiss"]
[EventRounds "11"]
[EventCountry "ENG"]
[SourceTitle "BritBase"]
[Source "John Saunders"]
[SourceDate "2025.01.31"]
[SourceVersion "1"]
[SourceVersionDate "2025.01.31"]
[SourceQuality "1"]

1. d4 Nf6 2. Nf3 g6 3. c4 Bg7 4. Nc3 O-O 5. Bg5 d6 6. e3 c6 7. Be2 a6 8. O-O b5 9. Qc2 h6 10. Bh4 b4 11. Na4 Bf5 12. Bd3 Bxd3 13. Qxd3 Qa5 14. b3 Nbd7 15. Rad1 c5 16. d5 Rae8 17. h3 e5 18. dxe6 Rxe6 19. Bg3 Ne4 20. Bh2 Rfe8 21. Qc2 Nb6 22. Nxb6 Qxb6 23. Rd3 Nc3 24. Nd2 f5 25. Nb1 Ne4 26. Rfd1 Bf8 27. a4 a5 28. f3 Nf6 29. Qf2 Qc6 30. Nd2 Be7 31. Nf1 Rf8 32. Ng3 Ne4 33. Qc2 Nc3 34. R1d2 Bg5 35. Nf1 f4 36. e4 Be7 37. Kh1 g5 38. Bg1 Bf6 39. Bh2 Be5 40. g4 Qc7 41. Bg1 Qc6 42. Rg2 Rf7 43. Bf2 Rg6 44. h4 Rh7 45. h5 Rf6 46. Be1 Re7 47. Bxc3 bxc3 48. Rxc3 Bxc3 49. Qxc3 Rf8 50. Qxa5 Rb8 51. Qc3 Qb6 52. Nd2 Kf7 53. Qd3 Re5 54. Rg1 Ke6 55. Rd1 Qb4 56. Kg2 Rb6 57. Kf2 Kd7 58. Ke2 Kc7 59. Ra1 Kb7 60. a5 Rc6 61. Ra4 1-0

[Event "Hastings Challengers 1995/96"]
[Site "Hastings"]
[Date "1996.01.03"]
[Round "7"]
[White "Vigus, James E"]
[Black "Lyell, Mark"]
[Result "1/2-1/2"]
[WhiteElo "2110"]
[BlackElo "2265"]
[PlyCount "116"]
[EventDate "1995.12.28"]
[EventType "swiss"]
[EventRounds "11"]
[EventCountry "ENG"]
[SourceTitle "BritBase"]
[Source "John Saunders"]
[SourceDate "2025.01.31"]
[SourceVersion "1"]
[SourceVersionDate "2025.01.31"]
[SourceQuality "1"]

1. d4 f5 2. g3 g6 3. Bg2 Bg7 4. c3 Nc6 5. Nf3 b6 6. Ne5 Bb7 7. Nxc6 Bxc6 8. Bxc6 dxc6 9. Nd2 Nf6 10. O-O Qd5 11. Qb3 O-O-O 12. Qa3 Kb7 13. Qxe7 Rd7 14. Qe3 Re8 15. Qd3 c5 16. dxc5 Qxd3 17. exd3 Rxd3 18. Nb3 Nd5 19. Bd2 Re2 20. Rad1 a5 21. cxb6 cxb6 22. Nc1 Rdxd2 23. Nxe2 Rxe2 24. Rxd5 Kc6 25. Rfd1 Rxb2 26. R5d2 Bxc3 27. Rxb2 Bxb2 28. Rb1 Bd4 29. a4 Kd5 30. Kf1 f4 31. Ke2 Ke4 32. Rb3 h5 33. f3+ Kf5 34. Kd3 Bg1 35. Rb2 g5 36. Rg2 Bc5 37. g4+ hxg4 38. Rxg4 Bf2 39. Kc4 Kg6 40. Kd5 Kh5 41. Rg2 Bc5 42. Ke6 Kh4 43. Rg4+ Kh3 44. Rxg5 Kxh2 45. Kf5 Be3 46. Ke4 Kh3 47. Rg4 Kh2 48. Rxf4 Bxf4 49. Kxf4 b5 50. axb5 a4 51. b6 a3 52. b7 a2 53. b8=Q a1=Q 54. Kg5+ Kg2 55. f4 Qg7+ 56. Kf5 Qf7+ 57. Ke5 Qe7+ 58. Kd4 Kf3 1/2-1/2

[Event "Hastings Challengers 1995/96"]
[Site "Hastings"]
[Date "1996.01.03"]
[Round "7"]
[White "Williams, Leighton"]
[Black "Williams, Simon Kim"]
[Result "1/2-1/2"]
[WhiteElo "2110"]
[BlackElo "2250"]
[PlyCount "21"]
[EventDate "1995.12.28"]
[EventType "swiss"]
[EventRounds "11"]
[EventCountry "ENG"]
[SourceTitle "BritBase"]
[Source "John Saunders"]
[SourceDate "2025.01.31"]
[SourceVersion "1"]
[SourceVersionDate "2025.01.31"]
[SourceQuality "1"]

1. d4 e6 2. c4 f5 3. g3 Nf6 4. Bg2 Be7 5. Nf3 O-O 6. O-O d6 7. Nc3 a5 8. Re1 Ne4 9. Qc2 Nxc3 10. Qxc3 c6 11. a3 1/2-1/2

[Event "Hastings Challengers 1995/96"]
[Site "Hastings"]
[Date "1996.01.03"]
[Round "7"]
[White "McNab, Colin Anderson"]
[Black "Marusenko, Petr"]
[Result "1/2-1/2"]
[WhiteElo "2305"]
[BlackElo "2305"]
[PlyCount "41"]
[EventDate "1995.12.28"]
[EventType "swiss"]
[EventRounds "11"]
[EventCountry "ENG"]
[SourceTitle "BritBase"]
[Source "John Saunders"]
[SourceDate "2025.01.31"]
[SourceVersion "1"]
[SourceVersionDate "2025.01.31"]
[SourceQuality "1"]

1. c4 f5 2. b3 e5 3. Bb2 d6 4. Nc3 Nc6 5. e3 Nf6 6. d4 g6 7. Nf3 e4 8. d5 exf3 9. dxc6 bxc6 10. Qxf3 Bd7 11. g3 Bg7 12. Qe2 O-O 13. Bg2 Qe7 14. O-O Rfe8 15. Rfe1 Ne4 16. Qc2 Qe5 17. Rac1 a5 18. Na4 Qe7 19. Bxg7 Qxg7 20. Red1 c5 21. Nc3 1/2-1/2

[Event "Hastings Challengers 1995/96"]
[Site "Hastings"]
[Date "1996.01.03"]
[Round "7"]
[White "Suetin, Alexey S"]
[Black "Cooper, Lawrence"]
[Result "1/2-1/2"]
[WhiteElo "2315"]
[BlackElo "2310"]
[PlyCount "78"]
[EventDate "1995.12.28"]
[EventType "swiss"]
[EventRounds "11"]
[EventCountry "ENG"]
[SourceTitle "BritBase"]
[Source "John Saunders"]
[SourceDate "2025.01.31"]
[SourceVersion "1"]
[SourceVersionDate "2025.01.31"]
[SourceQuality "1"]

1. e4 e5 2. Nf3 Nc6 3. Bb5 a6 4. Ba4 Nf6 5. O-O Be7 6. Re1 b5 7. Bb3 O-O 8. a3 d6 9. c3 h6 10. h3 Re8 11. d4 Bf8 12. Nbd2 Bb7 13. Bc2 Nb8 14. b4 Nbd7 15. Bb2 Nb6 16. c4 exd4 17. cxb5 axb5 18. Nxd4 Na4 19. Bxa4 bxa4 20. Qc2 c5 21. bxc5 dxc5 22. N4f3 Nh7 23. Rad1 Ng5 24. Ne5 Ne6 25. Ndf3 Nd4 26. Nxd4 cxd4 27. Bxd4 Qg5 28. Rb1 Bc8 29. Qc3 Be6 30. Re3 Rab8 31. Rxb8 Rxb8 32. Rg3 Rb1+ 33. Kh2 Qc1 34. Qxc1 Rxc1 35. f4 Rd1 36. Bb2 Rb1 37. Nd3 Bc4 38. Be5 Rb3 39. Nb4 f6 1/2-1/2

[Event "Hastings Challengers 1995/96"]
[Site "Hastings"]
[Date "1996.01.03"]
[Round "7"]
[White "Almond, Richard JA"]
[Black "Donovan, Nigel P"]
[Result "1-0"]
[WhiteElo "2070"]
[BlackElo "2160"]
[PlyCount "81"]
[EventDate "1995.12.28"]
[EventType "swiss"]
[EventRounds "11"]
[EventCountry "ENG"]
[SourceTitle "Denman Collection"]
[Source "Brian Denman"]
[SourceDate "2023.11.29"]
[SourceVersion "1"]
[SourceVersionDate "2023.11.29"]
[SourceQuality "1"]

1. d4 Nf6 2. c4 e6 3. Nc3 Bb4 4. Qc2 O-O 5. a3 Bxc3+ 6. Qxc3 b5 7. cxb5 Nd5 8. Qc2 f5 9. Nf3 c6 10. e3 cxb5 11. Bd3 Nf6 12. O-O a6 13. e4 fxe4 14. Bxe4 Ra7 15. Bg5 h6 16. Bh4 Qc7 17. Qxc7 Rxc7 18. Bg3 Bb7 19. Bxc7 Bxe4 20. Bd6 Rc8 21. Ne5 Nc6 22. Rac1 Ne8 23. Bb4 Rc7 24. Nxc6 Rxc6 25. f3 Rxc1 26. Rxc1 Bc6 27. Kf2 Nf6 28. g4 Nd5 29. Bd2 Kf7 30. Rg1 Nb6 31. g5 hxg5 32. Bxg5 Nc4 33. Bc1 Nd6 34. h4 Nf5 35. Rg4 Bd5 36. h5 Bc6 37. Bg5 Bd5 38. Bd8 Bc6 39. Bc7 Bd5 40. Be5 Bc6 41. Bxg7 {Source: C P Ravilious (Brian Denman Collection)} 1-0

[Event "Hastings Challengers 1995/96"]
[Site "Hastings"]
[Date "1996.01.04"]
[Round "8"]
[White "Avni, Amatzia"]
[Black "Hunt, Adam C"]
[Result "1-0"]
[WhiteElo "2360"]
[BlackElo "2180"]
[PlyCount "55"]
[EventDate "1995.12.28"]
[EventType "swiss"]
[EventRounds "11"]
[EventCountry "ENG"]
[SourceTitle "BritBase"]
[Source "John Saunders"]
[SourceDate "2025.01.31"]
[SourceVersion "1"]
[SourceVersionDate "2025.01.31"]
[SourceQuality "1"]

1. d4 Nf6 2. Nf3 g6 3. c4 Bg7 4. Nc3 O-O 5. Bg5 d6 6. e3 Nbd7 7. Be2 c6 8. h3 e5 9. O-O Qc7 10. Rc1 Re8 11. dxe5 dxe5 12. b4 Nf8 13. c5 Bf5 14. Qb3 Ne4 15. Nxe4 Bxe4 16. Nd2 Bd5 17. Bc4 Ne6 18. Bh4 g5 19. Bg3 f5 20. f3 Rad8 21. Rfd1 Kh8 22. e4 Nd4 23. Qd3 b5 24. exd5 bxc4 25. Qxd4 f4 26. d6 fxg3 27. Qxc4 Qd7 28. Ne4 1-0

[Event "Hastings Challengers 1995/96"]
[Site "Hastings"]
[Date "1996.01.04"]
[Round "8"]
[White "Buckley, Graeme N"]
[Black "Sher, Miron Naumovich"]
[Result "1-0"]
[WhiteElo "2355"]
[BlackElo "2510"]
[PlyCount "192"]
[EventDate "1995.12.28"]
[EventType "swiss"]
[EventRounds "11"]
[EventCountry "ENG"]
[SourceTitle "BritBase"]
[Source "John Saunders"]
[SourceDate "2025.01.31"]
[SourceVersion "1"]
[SourceVersionDate "2025.01.31"]
[SourceQuality "1"]

1. d4 e6 2. c4 Nf6 3. Nc3 Bb4 4. e3 c5 5. Bd3 O-O 6. Nge2 d5 7. cxd5 cxd4 8. exd4 Nxd5 9. O-O Nc6 10. Bc2 Nxc3 11. bxc3 Bd6 12. Ng3 e5 13. d5 Ne7 14. Re1 f5 15. c4 b6 16. Bb2 Ng6 17. Kh1 Bd7 18. f4 Qc7 19. fxe5 Nxe5 20. c5 bxc5 21. Rxe5 Bxe5 22. d6 Qxd6 23. Bb3+ Kh8 24. Qxd6 Bxd6 25. Nh5 Rg8 26. Rd1 Rae8 27. Kg1 Be5 28. Bxe5 Rxe5 29. Rxd7 Rc8 30. Rxa7 c4 31. Bxc4 f4 32. g4 fxg3 33. Nxg3 h5 34. Bb3 h4 35. Ra4 g5 36. Ne4 Rf8 37. h3 Rf4 38. Nf2 Rf3 39. Ra8+ Kh7 40. Ra7+ Kh8 41. Rf7 Re1+ 42. Kh2 Rxf7 43. Bxf7 Kg7 44. Bc4 Re3 45. Bd3 Re1 46. Kg2 Ra1 47. Bc4 Rc1 48. Bb5 Rc3 49. a4 Rg3+ 50. Kf1 Ra3 51. Ke2 Kf6 52. Bc6 Ke5 53. Nd3+ Kd4 54. Bb5 Ra1 55. Kf3 Rg1 56. Nf2 Rg3+ 57. Ke2 Rb3 58. Kd2 Rf3 59. Ke2 Re3+ 60. Kf1 Ra3 61. Bd7 Ke3 62. Ke1 Ra2 63. Ng4+ Kd4 64. Kd1 Ra3 65. Nh6 Kd3 66. Bb5+ Kd4 67. Bd7 Kd3 68. Kc1 Kc3 69. Kb1 Rb3+ 70. Ka2 Rb2+ 71. Ka1 Rd2 72. Bg4 Rd4 73. Kb1 Rxa4 74. Nf7 Ra5 75. Nd8 Rb5+ 76. Kc1 Ra5 77. Kb1 Re5 78. Ne6 Re1+ 79. Ka2 Re5 80. Kb1 Kd2 81. Kb2 Rb5+ 82. Ka3 Kc3 83. Ka2 Ra5+ 84. Kb1 Re5 85. Ka2 Rb5 86. Ka1 Ra5+ 87. Kb1 Re5 88. Ka2 Kc4 89. Kb2 Kd5 90. Nd8 Re7 91. Kc3 Re3+ 92. Kd2 Re7 93. Kd3 Kd6 94. Kd4 Ra7 95. Ke4 Rg7 96. Kf5 Re7 1-0

[Event "Hastings Challengers 1995/96"]
[Site "Hastings"]
[Date "1996.01.04"]
[Round "8"]
[White "Cooper, Lawrence"]
[Black "Straeter, Timo"]
[Result "1-0"]
[WhiteElo "2315"]
[BlackElo "2310"]
[PlyCount "107"]
[EventDate "1995.12.28"]
[EventType "swiss"]
[EventRounds "11"]
[EventCountry "ENG"]
[SourceTitle "BritBase"]
[Source "John Saunders"]
[SourceDate "2025.01.31"]
[SourceVersion "1"]
[SourceVersionDate "2025.01.31"]
[SourceQuality "1"]

1. e4 e5 2. Nf3 Nc6 3. Bb5 a6 4. Ba4 d6 5. Bxc6+ bxc6 6. d4 f6 7. Nc3 g6 8. Qe2 Nh6 9. dxe5 fxe5 10. Bg5 Qd7 11. O-O-O Qe6 12. h4 Nf7 13. Be3 Be7 14. Ng5 Nxg5 15. hxg5 Bb7 16. Kb1 O-O-O 17. Na4 Rdf8 18. c4 Kb8 19. f3 Rf4 20. Rc1 Rf7 21. Qd2 d5 22. cxd5 cxd5 23. exd5 Qxd5 24. Qc3 Rc8 25. Rhd1 Qb5 26. Qc2 Rf5 27. Nc3 Qc4 28. Ne4 Qxc2+ 29. Rxc2 Rd8 30. Rxd8+ Bxd8 31. Rc1 Be7 32. Kc2 Kc8 33. Kd3 Rf8 34. Ke2 Bd5 35. Bc5 Bxc5 36. Rxc5 Bxa2 37. Rxe5 Bb1 38. Nc5 Ba2 39. Ke3 a5 40. Na4 Bb3 41. Rxa5 Re8+ 42. Kf2 Bxa4 43. Rxa4 Re5 44. f4 Rb5 45. Ra8+ Kd7 46. Rh8 Rxb2+ 47. Kf3 c5 48. Rxh7+ Kd6 49. Rg7 c4 50. Rxg6+ Kd5 51. Rg8 Rb6 52. g6 Ke6 53. Rc8 Kf6 54. Rxc4 1-0

[Event "Hastings Challengers 1995/96"]
[Site "Hastings"]
[Date "1996.01.04"]
[Round "8"]
[White "Dearing, Eddie"]
[Black "Moss, Robin BW"]
[Result "1/2-1/2"]
[WhiteElo "2060"]
[BlackElo "2265"]
[PlyCount "101"]
[EventDate "1995.12.28"]
[EventType "swiss"]
[EventRounds "11"]
[EventCountry "ENG"]
[SourceTitle "BritBase"]
[Source "John Saunders"]
[SourceDate "2025.01.31"]
[SourceVersion "1"]
[SourceVersionDate "2025.01.31"]
[SourceQuality "1"]

1. d4 g6 2. e4 Bg7 3. c4 d6 4. Nc3 Nf6 5. f4 O-O 6. Nf3 c5 7. d5 e6 8. Be2 exd5 9. cxd5 Bg4 10. O-O Nbd7 11. Re1 Re8 12. h3 Bxf3 13. Bxf3 Qa5 14. Be3 b5 15. a3 Nb6 16. e5 Nc4 17. exf6 Nxe3 18. Rxe3 Rxe3 19. fxg7 Rae8 20. f5 b4 21. axb4 Qxb4 22. Qd2 Qf4 23. Rf1 Qxf5 24. Nb5 Qe5 25. Nxa7 Rb3 26. Nc6 Qe3+ 27. Qxe3 Rexe3 28. Na5 Rb4 29. b3 Kxg7 30. Kf2 Re8 31. Rb1 Kg8 32. Nc6 Rb7 33. Be2 Ra8 34. Rb2 Ra3 35. Bc4 Rc7 36. Kf3 Rc8 37. g4 h6 38. h4 Re8 39. g5 hxg5 40. hxg5 Kg7 41. Rf2 Ra1 42. Kg2 Ree1 43. Rf6 Rg1+ 44. Kf3 Rxg5 45. Rxd6 Re1 46. Bd3 Reg1 47. Ke3 R5g3+ 48. Kd2 R3g2+ 49. Ke3 Rg3+ 50. Kd2 R3g2+ 51. Ke3 1/2-1/2

[Event "Hastings Challengers 1995/96"]
[Site "Hastings"]
[Date "1996.01.04"]
[Round "8"]
[White "Emms, John M"]
[Black "Mortensen, Erling"]
[Result "1/2-1/2"]
[WhiteElo "2485"]
[BlackElo "2430"]
[PlyCount "79"]
[EventDate "1995.12.28"]
[EventType "swiss"]
[EventRounds "11"]
[EventCountry "ENG"]
[SourceTitle "BritBase"]
[Source "John Saunders"]
[SourceDate "2025.01.31"]
[SourceVersion "1"]
[SourceVersionDate "2025.01.31"]
[SourceQuality "1"]

1. e4 c5 2. Nf3 e6 3. c3 d5 4. exd5 exd5 5. d4 Nc6 6. Bb5 Bd6 7. O-O Nge7 8. dxc5 Bxc5 9. Nbd2 O-O 10. Nb3 Bd6 11. Bd3 Bc7 12. Re1 Nf5 13. g3 h6 14. Bc2 Bb6 15. Qd3 g6 16. Bf4 Kg7 17. Ne5 Re8 18. Qd2 Nxe5 19. Rxe5 Rxe5 20. Bxe5+ Kh7 21. Re1 Be6 22. Nd4 Qd7 23. Nxf5 Bxf5 24. Bxf5 Qxf5 25. Bd4 Bxd4 26. Qxd4 a6 27. Re7 b5 28. Kg2 Rf8 29. Qb6 Qc2 30. Qxa6 Qxb2 31. Qe6 Kg8 32. Qxd5 Qxc3 33. Qxb5 Qa3 34. Qe2 Qa8+ 35. Kh3 h5 36. f3 Qa4 37. Re4 Qd7+ 38. Kg2 Ra8 39. a4 Rxa4 40. Rxa4 1/2-1/2

[Event "Hastings Challengers 1995/96"]
[Site "Hastings"]
[Date "1996.01.04"]
[Round "8"]
[White "Flear, Glenn C"]
[Black "Parker, Jonathan F"]
[Result "1-0"]
[WhiteElo "2495"]
[BlackElo "2415"]
[PlyCount "81"]
[EventDate "1995.12.28"]
[EventType "swiss"]
[EventRounds "11"]
[EventCountry "ENG"]
[SourceTitle "BritBase"]
[Source "John Saunders"]
[SourceDate "2025.01.31"]
[SourceVersion "1"]
[SourceVersionDate "2025.01.31"]
[SourceQuality "1"]

1. d4 Nf6 2. c4 e6 3. Nc3 d5 4. cxd5 exd5 5. Bg5 c6 6. e3 Be7 7. Qc2 Nbd7 8. Bd3 Nh5 9. Bxe7 Qxe7 10. O-O-O Nb6 11. h3 g6 12. Nf3 Be6 13. Kb1 Ng7 14. g4 O-O-O 15. Ne2 Kb8 16. Nf4 Bc8 17. Be2 g5 18. Nd3 f6 19. Nd2 h5 20. h4 hxg4 21. hxg5 fxg5 22. Rhg1 Bf5 23. Bxg4 Bg6 24. Ka1 Rhf8 25. Nf3 Nc4 26. Qe2 Bxd3 27. Rxd3 Qf6 28. Rdd1 Nf5 29. b3 Nb6 30. Ne1 Nd6 31. Nd3 Ne4 32. Rdf1 c5 33. f3 Nc3 34. Qh2+ Ka8 35. Nxc5 Rd6 36. Qe5 Qxe5 37. dxe5 Rc6 38. Ne6 Re8 39. Nd4 Rc5 40. e6 Rc7 41. Bh5 1-0